Every Song by Copeland - Statistics

General Stats
  • This quiz has been taken 2 times
  • The average score is 6 of 72
Answer Stats
Album Song % Correct
Eat, Sleep, Repeat(2006) Eat, Sleep, Repeat
100%
Beneath Medicine Tree(2003) When Paula Sparks
100%
Beneath Medicine Tree(2003) California
50%
Beneath Medicine Tree(2003) Coffee
50%
You Are My Sunshine(2008) Good Morning Fire Eater
50%
Ixora(2014) Have I Always Loved You?
50%
In Motion(2005) Pin Your Wings
50%
In Motion(2005) Sleep
50%
Beneath Medicine Tree(2003) Walking Downtown
50%
Blushing(2019) As Above, So Alone
0%
Beneath Medicine Tree(2003) Brightest
0%
Eat, Sleep, Repeat(2006) By My Side
0%
Eat, Sleep, Repeat(2006) Careful Now
0%
Eat, Sleep, Repeat(Bonus)(2006) Chin Up
0%
Ixora(2014) Chiromancer
0%
In Motion(2005) Choose the One Who Loves You More
0%
Blushing(2019) Colorless
0%
Eat, Sleep, Repeat(2006) Control Freak
0%
Eat, Sleep, Repeat(2006) Cover What You Can
0%
Ixora(2014) Disjointed
0%
Dressed Up & in Line(2007) Interlude
0%
Dressed Up & in Line(2007) Thanks to You
0%
In Motion(2005) Don't Slow Down
0%
Ixora(2014) Erase
0%
You Are My Sunshine(Bonus)(2008) Every Silence
0%
In Motion(2005) Hold Nothing Back
0%
Ixora(2014) I Can Make You Feel Young Again
0%
Eat, Sleep, Repeat(2006) I'm a Sucker for a Kind Word
0%
Eat, Sleep, Repeat(2006) I'm Safer in an Airplane
0%
Ixora(2014) In Her Arms, You Will Never Starve
0%
Blushing(2019) It Felt So Real
0%
In Motion(2005) Kite
0%
Ixora(2014) Lavender
0%
Blushing(2019) Lay Here
0%
Ixora(2014) Like a Lie
0%
Ixora(Bonus)(2014) Like I Want You
0%
Eat, Sleep, Repeat(2006) Love Affair
0%
In Motion(2005) Love Is a Fast Song
0%
Dressed Up & in Line(2007) May I Have This Dance
0%
Blushing(2019) Night Figures
0%
In Motion(2005) No One Really Wins
0%
You Are My Sunshine(2008) Not Allowed
0%
You Are My Sunshine(2008) Not So Tough Found Out
0%
You Are My Sunshine(2008) On the Safest Ledge
0%
Blushing(2019) On Your Worst Day
0%
Ixora(2014) Ordinary
0%
Blushing(2019) Pope
0%
Beneath Medicine Tree(2003) Priceless (For Eleanor)
0%
Dressed Up & in Line(2007) Second Star to the Left, Go 'Til Dawn
0%
Beneath Medicine Tree(2003) She Changes Your Mind
0%
You Are My Sunshine(2008) Should You Return
0%
Blushing(2019) Skywriter
0%
You Are My Sunshine(2008) Strange and Unprepared
0%
Blushing(2019) Strange Flower
0%
Blushing(2019) Suddenly
0%
Beneath Medicine Tree(2003) Take Care
0%
Beneath Medicine Tree(2003) Testing the Strong Ones
0%
Dressed Up & in Line(2007) That Awful Memory of Yours
0%
You Are My Sunshine(2008) The Day I Lost My Voice (The Suitcase Song)
0%
You Are My Sunshine(2008) The Grey Man
0%
Eat, Sleep, Repeat(2006) The Last Time He Saw Dorie
0%
Beneath Medicine Tree(2003) There Cannot be a Close Second
0%
You Are My Sunshine(2008) To Be Happy Now
0%
Blushing(2019) Waltz on Water
0%
You Are My Sunshine(Bonus)(2008) What Cannot Be Found (Part 1)
0%
You Are My Sunshine(2008) What Do I Know?
0%
Beneath Medicine Tree(2003) When Finally Set Free
0%
Eat, Sleep, Repeat(2006) When You Thought You'd Never Stand Out
0%
Eat, Sleep, Repeat(2006) Where's My Head
0%
Ixora(2014) World Turn
0%
In Motion(2005) You Have My Attention
0%
In Motion(2005) You Love to Sing
0%
No matching quizzes found
Score Distribution
Percent of People with Each Score
Percentile by Number Answered
Your Score History
You have not taken this quiz